000 00293nam a22001337a 4500
008 170911b xxu||||| |||| 00| 0 eng d
020 _a9780921820536
041 _aeng
080 _a52
100 _a42
101 _aAST
245 _aTHE UNIVERSE AND BEYOND
_cDICKINSON,T
942 _2udc
_cBK
999 _c27097
_d27097